• 首页
  • 本馆介绍
  • 公告通知
  • 最新文献
  • 馆藏检索
  • 电子资源
  • 读者导购
  • 参考咨询
  • 我的图书馆
  • 登录
  • 详细信息显示
  • 放入我的书架
  • 预约/预借图书
  • 作者相关作品
  • 分类相关作品
  • 丛书相关作品
  • 出版社相关作品

书目信息

  • 表格格式
  • 工作单格式
  • 卡片格式
题名:
德国社会民主党史
    
 
作者: 梅林 著 ;青载繁 译
分册: 第一卷  
出版信息: 北京   三联书店  1963
页数: 407页
开本: 20cm
丛书名:
单 册:
中图分类: D142
科图分类:
主题词: 国际共产主义运动
电子资源:
ISBN:
000 00725nam0 2200229 450
001 0655208780
005 20060801152221.48
010    @dCNY1.20
100    @a20060801d1963 km y0chiy0120 ea
101 0  @achi@cger
200 1  @a德国社会民主党史@h第一卷@Ade guo she hui min zhu dang shi@e现代科学共产主义@f(德)梅林著@F(de)mei lin zhu@e1830-1848@g青载繁译@Gqing zai fan yi
210    @a北京@c三联书店@d1963
215    @a407页@d20cm
320    @a附录:人名索引
517 1  @a现代科学共产主义@Axian dai ke xue gong chan zhu yi
517 1  @a1830-1848
606 0  @a国际共产主义运动
690    @aD142@v3
701  0 @a梅林@Amei lin@4著
702  0 @a青载繁@Aqing zai fan@4译
801  0 @aCN@bPFT@c20060801
905    @a10447@dD142@e7
    
    德国社会民主党史.第一卷:现代科学共产主义/(德)梅林著:1830-1848/青载繁译.-北京:三联书店,1963
    407页;20cm
    
    
    ISBN :CNY1.20
    
●
相关链接 在E读中查询图书 在五车中查询图书 在当当中查询图书 在豆瓣中查询图书


正题名:德国社会民主党史     索取号:D142/7         预约/预借

序号 登录号 条形码 馆藏地/架位号 状态 备注
1 0441269   204412698   密集书库/ [索取号:D142/7] 在馆    
唐山师范学院图书馆 欢迎您!
大连网信软件有限公司© 版权所有